00491 2200193 4500001002100000005001500021008004100036020001800077035001900095041000700114082001000121090001600131100001900147245002800166260003000194300003200224500001100256650003000267INLIS00000000000329320241224112709241224||||||||| | ||| |||| || |  a979-065-197-x 0010-1224003293 aid0 a923.2 a923.2 MAR a0 aMarkus Gunawan00aAhok Koboi Jakarta Baru aJakartabVisi Mediac2013 axx, 224 hlm.; ilus.: 210 mm aCet. 1 0aIlmu Sejarah dan Biografi